Statistics for Alaska Borough and Census Area High Points

Click here to take the quiz!

General Stats

  • This quiz has been taken 2 times
  • The average score is 7 of 30

Answer Stats

Borough/Census AreaHighest PointHeight (ft)% Correct
DenaliDenali20,310
100%
SitkaBaranof Island High Point5,390
50%
Bristol BayBristol Bay High Point1,061
50%
DillinghamDillingham High Point5,250
50%
KusilvakKusilvak Census Area High Point2,905
50%
Lake and PeninsulaLake and Peninsula High Point9,200
50%
Copper RiverMount Bona16,500
50%
Southeast FairbanksMount Hayes13,832
50%
North SlopeMount Isto8,976
50%
ChugachMount Marcus Baker-Southwest Slope12,100
50%
YakutatMount St. Elias18,008
50%
SkagwaySkagway High Point8,239
50%
Yukon-KoyukukYukon-Koyukuk High Point7,770
50%
AnchorageBashful Peak8,005
0%
WrangellCastle Mountain7,333
0%
JuneauDevils Paw8,507
0%
PetersburgKates Needle10,016
0%
Prince of Wales-HyderMonument 15A7,073
0%
Kodiak IslandMount Denison-East Slope7,500
0%
Hoonah-AngoonMount Fairweather15,325
0%
BethelMount Hesperus9,828
0%
Matanuska-SusitnaMount Hunter14,573
0%
Northwest ArcticMount Igikpak8,276
0%
Ketchikan GatewayMount John Jay7,507
0%
HainesMount Nesselrode8,117
0%
NomeMount Osborn4,714
0%
Kenai PeninsulaMount Torbert11,413
0%
Aleutians WestMount Vsevidof7,051
0%
Aleutians EastShishaldin Volcano9,414
0%
Fairbanks North StarWest Point5,865
0%

Score Distribution

Percentile by Number Answered

Percent of People with Each Score

Your Score History

You have not taken this quiz